Statistics for Name the War Quiz

Click here to take the quiz!

General Stats

  • This quiz has been taken 115,629 times
    (95,778 since last reset)
  • The average score is 9 of 16

Answer Stats

BelligerentsWhenWar% Correct
Allies vs. Central Powers1914-1918World War I
99%
Allies vs. Axis1939-1945World War II
99%
North vs. South1861-1865American Civil War
86%
England vs. France1337-1453Hundred Years War
64%
Argentina vs. United Kingdom1982Falklands War
62%
Lancaster vs. York1455-1485War of the Roses
61%
France vs. Most of Europe1803-1815Napoleonic Wars
60%
Troy vs. Greececirca 1,200 BCTrojan War
51%
US coalition vs. Iraq1990-1991Persian Gulf War
51%
USA vs. British Empire1812-1815War of 1812
47%
Spain vs. USA1898Spanish American War
41%
Rome vs. Carthage264-146 BCPunic Wars
37%
Russia vs. British, French and Ottomans1853-1856Crimean War
36%
Israel vs. Many Arab Countries1967Six-Day War
36%
Athens vs. Sparta431-404 BCPeloponnesian War
33%
Israel vs. Many Arab Countries1973Yom Kippur War
25%

Score Distribution

Percentile by Number Answered

Percent of People with Each Score

Your Score History

You have not taken this quiz since the last reset